| 000 | 00800nam a2200253Ia 4500 | ||
|---|---|---|---|
| 003 | OSt | ||
| 005 | 20220918220652.0 | ||
| 006 | a|||||r|||| 00| 0 | ||
| 007 | ta | ||
| 008 | 220917b |||||||| |||| 00| 0 eng d | ||
| 024 | _a146,733 | ||
| 037 | _cTextual | ||
| 040 |
_aARTS _cARTS _beng |
||
| 041 |
_2eng _aeng |
||
| 082 | _aY49(L).58.N05<-M56, M1 | ||
| 100 |
_aFrieden Nancy Mandelkar _9138048 |
||
| 245 | 0 | _aRussian physicans in an era of reform and revolution 1856-1905 | |
| 260 |
_aPrinceton _bUniversity Press _c1981 |
||
| 300 |
_axvii, 378p. illus _ccm. |
||
| 500 | _aBibliography p351-370; Glossary p347-350; Appendix p323-346 (I-V) | ||
| 650 | _aSOCIOLOGY | ||
| 942 |
_hY49(L).58.N05<-M56, M1 _cTEXL _2CC |
||
| 999 |
_c269489 _d269489 |
||